00218nam a2200097Ia 4500008004100000100001800041245002800059260000900087942000700096999001700103190216s9999||||xx |||||||||||||| ||und|| aSholokhov M S 0aDon Shanthamayozhugunnu bNull cBK c24049d24049